| 000 | 00423nam a2200157Ia 4500 | ||
|---|---|---|---|
| 008 | 240729s9999 xx 000 0 und d | ||
| 022 | _a2159-8118 | ||
| 245 | 0 | _aJournal of Humanistic Mathematics | |
| 260 | _aUnited States | ||
| 260 | _bClaremont Colleges Library | ||
| 650 | _a Mathematics | ||
| 650 | _aScience | ||
| 856 | _uhttps://doaj.org/toc/2db8a2c9382e40908ea525deb2a4c832 | ||
| 942 | _2ddc | ||
| 942 | _cDOAJEJ | ||
| 999 |
_c66092 _d66092 |
||
| 945 |
_a1 _bMadushi Gamage _c1 _dMadushi Gamage |
||